[Event "GER-chT U12"]
[Site "Seifhennersdorf"]
[Date "2001.12.28"]
[Round "4.4"]
[White "Gremmer, Julia"]
[Black "Franze, Markus"]
[Result "0-1"]
[WhiteElo "1077"]
[BlackElo "1125"]
[PlyCount "72"]
[EventDate "2001.12.27"]
[EventType "team"]
[EventRounds "7"]
[EventCountry "GER"]
[SourceTitle "EXT 2003"]
[Source "ChessBase"]
[SourceDate "2002.11.25"]
[SourceVersion "1"]
[SourceVersionDate "2002.11.25"]
[SourceQuality "1"]

1. e4 e5 2. Nf3 Nc6 3. Bc4 Bc5 4. c3 Nf6 5. d4 exd4 6. cxd4 Bb4+ 7. Nc3 Nxe4 8. 0-0 Bxc3 9. bxc3 d5 10. Bb3 0-0 11. Qd3 Be6 12. Bf4 Re8 13. Rfe1 Nf6 14. Bc2 Qd7 15. Bg5 Ne4 16. Re2 Nxg5 17. Nxg5 g6 18. Qg3 Bf5 19. Rxe8+ Rxe8 20. Bxf5 Qxf5 21. Qh4 h5 22. Nf3 Qe6 23. g3 Qf5 24. Qg5 Qxf3 25. Rf1 Qxc3 26. Qxd5 Nxd4 27. Qxb7 Ne2+ 28. Kg2 a5 29. Rd1 Qf6 30. Qxc7 Nc3 31. Rf1 Nxa2 32. Qxa5 Qc6+ 33. Kg1 Nc3 34. Rc1 Ne2+ 35. Kf1 Nxc1 36. Qd2 Qh1# 0-1